[Event "Amantea op-B 9th"]
[Site "Amantea"]
[Date "2011.09.06"]
[Round "3"]
[White "Vizza, Pietro"]
[Black "Ferro, Ferruccio"]
[Result "1-0"]
[WhiteElo "1691"]
[BlackElo "1480"]
[PlyCount "53"]
[EventDate "2011.09.04"]
[EventType "swiss"]
[EventRounds "8"]
[EventCountry "ITA"]
[SourceTitle "EXT 2014"]
[Source "ChessBase"]
[SourceDate "2013.11.20"]
[SourceVersion "1"]
[SourceVersionDate "2013.11.20"]
[SourceQuality "1"]

1. Nf3 Nc6 2. e4 e5 3. d4 exd4 4. Nxd4 Bc5 5. Nb3 Bb6 6. Nc3 Nge7 7. Bg5 f6 8. Bh4 0-0 9. Bc4+ Kh8 10. f4 Ng6 11. Bg3 Be3 12. Qf3 Bb6 13. 0-0-0 d6 14. h4 Na5 15. Nxa5 Bxa5 16. h5 Ne5 17. fxe5 fxe5 18. Qe3 Bb6 19. Qd3 Qg5+ 20. Kb1 Be3 21. Bh4 Qh6 22. Nd5 Bb6 23. Ne7 Bg4 24. Bg5 Qxg5 25. Ng6+ hxg6 26. hxg6+ Bh5 27. Qe2 1-0

[Event "Amantea op-B 9th"]
[Site "Amantea"]
[Date "2011.09.05"]
[Round "2"]
[White "Pelyushenko, Vladyslav"]
[Black "Vizza, Pietro"]
[Result "1-0"]
[WhiteElo "1812"]
[BlackElo "1691"]
[PlyCount "83"]
[EventDate "2011.09.04"]
[EventType "swiss"]
[EventRounds "8"]
[EventCountry "ITA"]
[SourceTitle "EXT 2014"]
[Source "ChessBase"]
[SourceDate "2013.11.20"]
[SourceVersion "1"]
[SourceVersionDate "2013.11.20"]
[SourceQuality "1"]

1. d4 d6 2. c4 e5 3. d5 Nd7 4. Nc3 Be7 5. e4 Ngf6 6. Nf3 c6 7. Qc2 0-0 8. Be2 Qc7 9. 0-0 a5 10. Re1 Nc5 11. Be3 Rd8 12. Nd2 Ng4 13. Bxc5 dxc5 14. f3 Nf6 15. Nf1 Ne8 16. Ne3 Nd6 17. Bf1 Bg5 18. Nf5 Bxf5 19. exf5 f6 20. dxc6 Qxc6 21. Nd5 Kf7 22. Bd3 Rd7 23. Rad1 Rad8 24. Be4 Qa6 25. b3 Nc8 26. Nc3 Na7 27. Bd5+ Kf8 28. Ne4 b6 29. Nxg5 fxg5 30. Rxe5 Nc6 31. Rde1 Nb4 32. Qe4 Nxd5 33. Rxd5 Rxd5 34. cxd5 Qb7 35. Rd1 Qe7 36. Kf2 Qxe4 37. fxe4 Ke7 38. e5 Rf8 39. g4 h5 40. h3 hxg4 41. hxg4 Kd7 42. d6 1-0

[Event "Praia op 3rd"]
[Site "Praia a Mare"]
[Date "2011.04.20"]
[Round "1"]
[White "Pinton, Maurizio"]
[Black "Vizza, Pietro"]
[Result "1/2-1/2"]
[WhiteElo "2015"]
[BlackElo "1479"]
[PlyCount "62"]
[EventDate "2011.04.20"]
[EventType "swiss"]
[EventRounds "5"]
[EventCountry "ITA"]
[SourceTitle "EXT 2023"]
[Source "ChessBase"]
[SourceDate "2022.10.05"]
[SourceVersion "1"]
[SourceVersionDate "2022.10.05"]
[SourceQuality "1"]

1. e4 d6 2. d4 Nf6 3. Nc3 e5 4. Nf3 Nbd7 5. Bc4 Be7 6. Bxf7+ Kxf7 7. Ng5+ Kg8 8. Ne6 Qe8 9. Nxc7 Qd8 10. Nxa8 b5 11. dxe5 dxe5 12. Nd5 Bd6 13. Bg5 Bb7 14. Nab6 axb6 15. Qe2 Bc6 16. Rd1 h6 17. Bh4 Kf7 18. 0-0 g5 19. Bg3 Bxd5 20. exd5 Qa8 21. a3 Qa4 22. f4 gxf4 23. Bxf4 exf4 24. Qe6+ Kg7 25. Qxd6 Qxc2 26. Rfe1 Re8 27. Qxf4 Re4 28. Qg3+ Rg4 29. Qf3 Qc5+ 30. Kh1 Rg5 31. d6 Re5 1/2-1/2